[Event "28th Avoine Open"]
[Site "Avoine FRA"]
[Date "2013.07.21"]
[Round "2.13"]
[White "Kostiuk,T"]
[Black "Cau,B"]
[Result "1-0"]
[WhiteElo "2322"]
[BlackElo "2125"]

1.d4 d5 2.c4 c6 3.Nf3 Nf6 4.Nbd2 Bf5 5.g3 e6 6.Bg2 Nbd7 7.O-O Bd6 8.b3 O-O
9.Bb2 Rc8 10.a3 Qe7 11.b4 e5 12.c5 Bc7 13.dxe5 Nxe5 14.Nd4 Bd7 15.Qc2 Rfe8
16.Rae1 Neg4 17.e4 dxe4 18.Nxe4 Nxe4 19.Bxe4 Qg5 20.Bxh7+ Kh8 21.Bf5 Qh5
22.h4 Bxf5 23.Qxf5 Qxf5 24.Nxf5 f6 25.f3 Ne5 26.Bxe5 Rxe5 27.Rxe5 Bxe5 28.Rd1 Rc7
29.Kf2 b6 30.f4 Bb2 31.Rd3 bxc5 32.bxc5 g6 33.Nd6 f5 34.h5 Kh7 35.hxg6+ Kxg6
36.Nc4 Bf6 37.Rd6 Kg7 38.Ne3 Bb2 39.Nxf5+ Kf7 40.Rd3 Ke6 41.g4 Rd7 42.Nd6 Bc1
43.f5+ Ke7 44.Kf3 Rd8 45.Rc3 Bd2 46.Rb3 Bc1 47.a4 Rh8 48.Rb7+ Kf6 49.Rxa7 Rh3+
50.Ke4 Re3+ 51.Kd4 Kg5 52.Nc4 Re1 53.Rg7+ Kf4 54.f6 Rd1+ 55.Kc3 Ke4 56.Re7+ Kf3
57.f7 Bh6 58.f8=Q+ Bxf8 59.Rf7+ Kxg4 60.Rxf8  1-0

[Event "28th Avoine Open"]
[Site "Avoine FRA"]
[Date "2013.07.21"]
[Round "2.35"]
[White "Goupil,A"]
[Black "Algaba,S"]
[Result "1/2-1/2"]
[WhiteElo "2148"]
[BlackElo "1943"]

1.d4 d5 2.Nf3 Nf6 3.c4 c6 4.Qc2 dxc4 5.Qxc4 Bf5 6.Nc3 e6 7.Qb3 Qc7 8.Bf4 Qb6
9.Nd2 Nbd7 10.e3 Be7 11.Be2 O-O 12.O-O c5 13.Qxb6 Nxb6 14.Nb3 cxd4 15.Nxd4 Bg6
16.Rac1 Rac8 17.Ncb5 a6 18.Nd6 Rxc1 19.Rxc1 Nbd5 20.Bg3 b5 21.Nc6 Bxd6 22.Bxd6 Rc8
23.f3 Ne8 24.e4 Nxd6 25.exd5 Kf8 26.dxe6 fxe6 27.Rc3 Bb1 28.a4 Ba2 29.axb5 Nxb5
30.Bxb5 axb5 31.Kf2 Bd5 32.Nb4 Rxc3 33.bxc3 Bc4 34.Ke3 Ke7 35.Kd4 Kd6 36.f4 Bf1
37.g3 Bc4 38.Nc2 Be2 39.Nb4 Bc4 40.Na6 g6 41.Nc5 Bd5 42.Nd3 Bb3 43.Ne5 Ba2
44.Nf7+ Kc6 45.Ng5 h5 46.Nf3 Bb1 47.Ne5+ Kd6 48.h3 Bc2 49.g4 Bd1 50.g5 Bc2
51.h4 Bf5 52.c4 bxc4 53.Nxc4+ Ke7 54.Ke5 Bd3 55.Nd2 Bc2 56.Nf3 Bb3 57.Nd4 Bd5
58.f5 gxf5 59.Nxf5+ Kf7 60.Nd4 Bc4 61.Nc2 Bb3 62.Ne3 Ba4 63.Ng2 Bd1 64.Nf4 Bg4
65.Kd6 Bd1 66.Nxe6 Kg6 67.Ke5 Kf7 68.Nf4 Kg7 69.Ne6+ Kf7 70.Nd4 Kg6 71.Kf4 Kf7
72.Nc6 Kg7 73.Ne5 Bb3 74.Kf5 Bc2+ 75.Ke6 Bb3+ 76.Ke7 Bc2 77.Nd7 Bd3 78.Nf6 Be2
79.Ne8+ Kg6 80.Nd6 Bg4 81.Kf8 Be6 82.Ne8 Bb3 83.Nc7 Kf5 84.Nb5 Kg4 85.g6 Kxh4
86.g7 Kg5 87.Nd6 Kg6 88.Ne4 h4 89.Nf2 Kf5  1/2-1/2

[Event "7th LCT 2013"]
[Site "Leiden NED"]
[Date "2013.07.21"]
[Round "9.4"]
[White "Epishin,V"]
[Black "Hasangatin,R"]
[Result "1/2-1/2"]
[WhiteElo "2598"]
[BlackElo "2489"]

1.d4 d5 2.Nf3 c6 3.c4 dxc4 4.e3 Be6 5.a4 Nf6 6.Be2 c5 7.Nc3 cxd4 8.Nxd4 Bd7
9.e4 Nc6 10.Be3 e5 11.Nxc6 Bxc6 12.Qxd8+ Rxd8 13.f3 a6 14.Bxc4 Bb4 15.Kf2 O-O
16.Rhc1 Rc8 17.Bb3 Bd7 18.g4 Be6 19.Nd5 Bxd5 20.Bxd5 Nxd5 21.exd5 Bd6 22.b3 Rxc1
23.Rxc1 f6 24.Bb6 Kf7 25.h3 Ke7 26.Ke3 Kd7 27.Rc4 g6 28.Kd3 Rh8 29.h4 f5
30.h5 Rc8 31.hxg6 hxg6 32.gxf5 Rxc4 33.bxc4 gxf5 34.Bf2 Be7 35.c5 Bf6 36.Bg3 Kc7
37.Be1 Bg5 38.Bc3 Bf4 39.Ke2 Kd7 40.Bd2 Bg3 41.Bg5 Kc8 42.Kf1 Kd7 43.Bd2 Bh4
44.Ke2 Be7 45.Bb4 Bg5 46.Bc3 Bf4 47.Bd2 Bg3 48.Kd3 Kc8 49.Kc4 Kd7 50.Bg5 Bf2
51.Bf6 Bg3 52.Kd3 Bf4 53.Ke2 Bg3 54.Kf1 Bf4 55.Kf2 Kc8 56.Bh4 Kc7 57.Kg2 Be3
58.Be7 Kd7 59.Bf8 Ke8 60.Bd6 Kd7 61.Bf8 Ke8 62.c6 bxc6 63.dxc6 Kd8 64.Bd6 e4
65.fxe4 fxe4 66.Kf1 Kc8 67.Ke2 Bd4 68.Kd2 Bb6 69.Kc3 Bf2 70.Bf4 e3 71.Kd3 Kd8
72.Ke2 Kc8 73.Bd6 Kd8 74.Bc5 Kc7 75.Bxe3 Bxe3 76.Kxe3 Kxc6 77.Kd4 Kb6 78.Kc4 Ka5
79.Kb3 Kb6 80.Kb4 a5+ 81.Kc4 Kc6 82.Kd4 Kd6 83.Kc4 Kc6 84.Kd4 Kd6 85.Kc4 Kc6
86.Kd4 Kb6 87.Kd5 Ka7 88.Kc5 Ka8 89.Kb6 Kb8 90.Kxa5 Ka8 91.Kb6 Kb8 92.a5 Ka8
93.a6 Kb8 94.a7+ Ka8 95.Ka6  1/2-1/2

[Event "Open Desko Liberec 2013"]
[Site "Liberec CZE"]
[Date "2013.07.21"]
[Round "3.1"]
[White "Kraus,To"]
[Black "Kucera,P3"]
[Result "1/2-1/2"]
[WhiteElo "2360"]
[BlackElo "2233"]

1.d4 d5 2.c4 c6 3.Nf3 Nf6 4.Nbd2 Bf5 5.Nh4 Bg6 6.Qb3 Qc7 7.g3 e6 8.Nxg6 hxg6
9.Bg2 Nbd7 10.O-O Be7 11.e4 dxe4 12.Nxe4 Nxe4 13.Bxe4 O-O 14.Rd1 Rad8 15.Bg2 Nf6
16.Bf4 Bd6 17.Bg5 Rc8 18.Qa4 Qb8 19.Rac1 Rfe8 20.a3 a6 21.b4 Kf8 22.Rd3 Kg8
23.Qb3 Qc7 24.a4 Qd7 25.b5 axb5 26.axb5 cxb5 27.c5 Bf8 28.Rb1 b4 29.Rd2 b6
30.Qxb4 bxc5 31.dxc5 Qa7 32.Bb7 Qxc5 33.Qxc5 Rxc5 34.Be3 Rc7  1/2-1/2

[Event "15th TCh-Eur Senior"]
[Site "Dresden GER"]
[Date "2013.07.22"]
[Round "3"]
[White "Hellwege,W"]
[Black "Kahn,P"]
[Result "0-1"]
[WhiteElo "2033"]
[BlackElo "2129"]

1.d4 d5 2.Nf3 Nf6 3.c4 c6 4.g3 Bf5 5.cxd5 cxd5 6.Nc3 e6 7.Bg2 Nc6 8.O-O Be7
9.b3 O-O 10.Bb2 Qa5 11.a3 b5 12.b4 Qb6 13.e3 a5 14.bxa5 Nxa5 15.Ne5 Rab8
16.Na2 Nc4 17.Qb3 Nd2 18.Qd1 Nxf1 19.Qxf1 Rfc8 20.Nb4 Bxb4 21.axb4 Rc2 22.Ba3 Qc7
23.Nd3 Bxd3 24.Qxd3 Qc3 25.Qxc3 Rxc3 26.Bf1 g6 27.Kg2 Ne4 28.Be2 Ra8 29.Bb2 Rxa1
30.Bxa1 Rc1  0-1

[Event "6th Paleochora Open"]
[Site "Paleochora GRE"]
[Date "2013.07.22"]
[Round "5.11"]
[White "Borovikov,V"]
[Black "Xylogiannopoulos,A"]
[Result "1-0"]
[WhiteElo "2564"]
[BlackElo "2146"]

1.d4 d5 2.c4 c6 3.Nf3 Nf6 4.Qc2 dxc4 5.Qxc4 Bf5 6.g3 e6 7.Bg2 Be7 8.O-O O-O
9.Rd1 Nbd7 10.e3 Qc7 11.Nc3 e5 12.h3 h6 13.Qe2 Rad8 14.e4 Bh7 15.dxe5 Nxe5
16.Bf4 Nxf3+ 17.Bxf3 Qa5 18.e5 Nd5 19.Nxd5 cxd5 20.Be3 Bf5 21.Bg2 Bc5 22.a3 Bxe3
23.Qxe3 Rfe8 24.Qd4 Bc2 25.Rdc1 Be4 26.Re1 Bxg2 27.Kxg2 Rc8 28.b4 Qb5 29.Rad1 Red8
30.e6 fxe6 31.Rxe6 Qd7 32.Rde1 Rc4 33.Qd3 Rf8 34.R1e2 Rc6 35.Re7 Qd6 36.Qd4 Rf7
37.Rxf7 Kxf7 38.Qxa7 d4 39.Qxb7+ Rc7 40.Qf3+ Kg8 41.Re8+ Kh7 42.Qe4+ g6 43.Re6  1-0

[Event "28th Avoine Open"]
[Site "Avoine FRA"]
[Date "2013.07.23"]
[Round "4.24"]
[White "Goupil,A"]
[Black "Masset,J"]
[Result "1/2-1/2"]
[WhiteElo "2148"]
[BlackElo "2053"]

1.d4 d5 2.Nf3 Nf6 3.c4 c6 4.Qc2 dxc4 5.Qxc4 Bf5 6.Nc3 e6 7.Qb3 Qb6 8.Qxb6 axb6
9.g3 Nbd7 10.Bg2 Bd6 11.O-O O-O 12.Rd1 b5 13.Nh4 Bc2 14.Rd2 Bb3 15.e4 Bb4
16.Re2 Nb6 17.e5 Bxc3 18.bxc3 Nfd5 19.Rb2 Bc4 20.Bxd5 Nxd5 21.Bd2 Ra6 22.Ng2 Rfa8
23.Ne3 Bxa2 24.Nxd5 Bxd5 25.Rxa6 Rxa6 26.Rc2 Ra1+ 27.Rc1 Ra2 28.Bg5 Kf8 29.Bd8 Ke8
30.Bb6 f6 31.exf6 gxf6 32.g4 Kf7 33.h3 Kg6 34.Bc7 Ra4 35.Bd6 Rc4 36.Bf4 h5
37.gxh5+ Kxh5 38.Kh2 Ra4 39.Kg3 Ra8 40.f3 Ra2 41.Re1 Ra3 42.Re3 Rb3 43.Bd6  1/2-1/2

[Event "ch-AUT 2013"]
[Site "Feldkirch AUT"]
[Date "2013.07.23"]
[Round "4.13"]
[White "Kranz,A"]
[Black "Schmidlechner,A"]
[Result "0-1"]
[WhiteElo "2115"]
[BlackElo "2267"]

1.d4 d5 2.Nf3 Nf6 3.c4 c6 4.Qc2 dxc4 5.Qxc4 Bf5 6.g3 e6 7.Bg2 Be7 8.O-O O-O
9.e3 Nbd7 10.Qe2 Bg4 11.h3 Bh5 12.Rd1 Qc7 13.g4 Bg6 14.Nc3 Ne4 15.Nd2 Nxd2
16.Bxd2 f5 17.f4 Nf6 18.Bf3 Rad8 19.Rac1 Qd7 20.Be1 Bd6 21.Bh4 Rde8 22.Bxf6 gxf6
23.Qg2 Kh8 24.Na4 Qe7 25.g5 Rg8 26.Kf1 Qf7 27.Qe2 fxg5 28.fxg5 Bg3 29.Nc5 e5
30.Qc4 exd4 31.Qxf7 Bxf7 32.exd4 Re3 33.Rc3 Rxc3 34.bxc3 b6 35.Nd7 Rxg5 36.Ne5 Bxe5
37.dxe5 f4 38.Rd8+ Kg7 39.Rd7 Rxe5 40.Rxa7 Rc5 41.Ke2 Kf6 42.Rb7 b5 43.Rb6 Rxc3
44.Bxc6 Ke5 45.Bxb5 Rc2+ 46.Kf1 Rb2 47.a4 Bc4+ 48.Bxc4 Rxb6 49.a5 Rb4 50.Bd3 Kd4
51.Bxh7 Ke3  0-1

[Event "6th Paleochora Open"]
[Site "Paleochora GRE"]
[Date "2013.07.23"]
[Round "6.25"]
[White "Raguz,Dari"]
[Black "Koths,P"]
[Result "1/2-1/2"]
[WhiteElo "2169"]
[BlackElo "1917"]

1.Nf3 Nf6 2.d4 d5 3.c4 c6 4.Qc2 g6 5.Bf4 Bg7 6.e3 Bf5 7.Qb3 Qb6 8.c5 Qxb3
9.axb3 Nbd7 10.h3 O-O 11.Nc3 Rfe8 12.Ne5 Nxe5 13.Bxe5 Nd7 14.Bxg7 Kxg7 15.g4 Be6
16.g5 Bf5 17.f4 a6 18.h4 Rh8 19.Kf2 h6 20.Bg2 hxg5 21.hxg5 f6 22.gxf6+ exf6
23.e4 dxe4 24.Bxe4 Be6 25.b4 f5 26.Bg2 Nf6 27.Rhe1 Kf7 28.Rh1 Rxh1 29.Rxh1 Rd8
30.Rd1 Nd5  1/2-1/2

[Event "Maccabiah GM2 2013"]
[Site "Jerusalem ISR"]
[Date "2013.07.24"]
[Round "5.1"]
[White "Szuhanek,R"]
[Black "Golod,V"]
[Result "1/2-1/2"]
[WhiteElo "2519"]
[BlackElo "2578"]

1.Nf3 d5 2.d4 c6 3.c4 dxc4 4.a4 Nf6 5.e3 Bg4 6.Bxc4 e6 7.Qb3 Bxf3 8.gxf3 Qb6
9.a5 Qxb3 10.Bxb3 c5 11.Ba4+ Nbd7 12.dxc5 Bxc5 13.Bd2 O-O 14.Bc3 Rfd8 15.Rg1 Bf8
16.Bxd7 Nxd7 17.Ra4 g6 18.Ke2 Nc5 19.Rc4 b5 20.axb6 axb6 21.Rd1 Rdc8 22.Be5 b5
23.Rc2 Rd8 24.Rxd8 Rxd8 25.Nc3 b4 26.Ne4 Nxe4 27.fxe4 Be7 28.Rc7 Kf8 29.Bd4 Ra8
30.h3 Ke8 31.Kd2 Ra5 32.e5  1/2-1/2

[Event "Czech Open B 2013"]
[Site "Pardubice CZE"]
[Date "2013.07.24"]
[Round "6.5"]
[White "Nikolaev,L"]
[Black "Debevec,B"]
[Result "1-0"]
[WhiteElo "2293"]
[BlackElo "2116"]

1.Nf3 Nf6 2.c4 c6 3.d4 d5 4.Qb3 dxc4 5.Qxc4 b5 6.Qc2 Bb7 7.Nbd2 Nbd7 8.e4 e6
9.Bd3 Be7 10.O-O a6 11.a4 h6 12.Nb3 O-O 13.Qe2 e5 14.Nxe5 Nxe5 15.dxe5 Nd7
16.Bf4 Nc5 17.Nxc5 Bxc5 18.Rfd1 Qe7 19.Bc2 Rfd8 20.Rxd8+ Rxd8 21.Bb3 Bd4
22.Rd1 Qb4 23.Qf3 Qe7 24.axb5 cxb5 25.Be3 Bxe4 26.Qxe4 Bxb2 27.Rxd8+ Qxd8
28.e6 fxe6 29.Qxe6+ Kh8 30.Qxa6 b4 31.g3  1-0

[Event "28th Avoine Open"]
[Site "Avoine FRA"]
[Date "2013.07.25"]
[Round "6.25"]
[White "Peric,Sl"]
[Black "Algaba,S"]
[Result "1/2-1/2"]
[WhiteElo "2218"]
[BlackElo "1943"]

1.d4 d5 2.Nf3 Nf6 3.c4 c6 4.Nbd2 Bf5 5.Nh4 Bg4 6.h3 Bh5 7.Qb3 Qc7 8.g4 Bg6
9.Bg2 e6 10.Nxg6 hxg6 11.e4 dxe4 12.Nxe4 Nbd7 13.Nxf6+ Nxf6 14.Be3 Be7 15.O-O-O O-O
16.Kb1 a5 17.Rc1 a4 18.Qd1 Rfd8 19.Qf3 Qa5 20.h4 Rab8 21.h5 gxh5 22.g5 Ng4
23.Rxh5 g6 24.Rh7 Qf5+ 25.Qxf5 gxf5 26.g6 Nxe3 27.fxe3 Bg5 28.Rxf7 Bxe3 29.Re1 f4
30.Bh3 Re8 31.Kc2 b5 32.Rc7 bxc4 33.Rxc6 Kg7 34.Bxe6 Bxd4 35.Rxc4 Rxb2+ 36.Kc1 Bf2
37.Kxb2 Bxe1 38.Rc7+ Kf6 39.Bd5 Rb8+ 40.Rb7 Rxb7+ 41.Bxb7 Kxg6  1/2-1/2

[Event "ch-AUT 2013"]
[Site "Feldkirch AUT"]
[Date "2013.07.25"]
[Round "6.18"]
[White "Maier,P"]
[Black "Ly,Dominik"]
[Result "1-0"]
[WhiteElo "2195"]
[BlackElo "1907"]

1.d4 Nf6 2.c4 c6 3.Nf3 d5 4.Qc2 g6 5.e3 Bg7 6.Bd3 O-O 7.O-O a6 8.Nc3 b5 9.b3 Nbd7
10.Bb2 Re8 11.Rac1 Bb7 12.Rfd1 Rc8 13.c5 e5 14.dxe5 Ng4 15.h3 Ngxe5 16.Nxe5 Bxe5
17.b4 f5 18.Ne2 Qe7 19.Nd4 Rf8 20.Re1 Qf6 21.f4 Bxd4 22.Bxd4 Qe6 23.Qf2 Rfe8
24.g4 fxg4 25.f5 gxf5 26.Bxf5 Qf7 27.Qf4 Nf8 28.Qg5+ Ng6 29.h4  1-0

[Event "Maccabiah GM2 2013"]
[Site "Jerusalem ISR"]
[Date "2013.07.25"]
[Round "6.5"]
[White "Szuhanek,R"]
[Black "Deutsch,E"]
[Result "1-0"]
[WhiteElo "2519"]
[BlackElo "2380"]

1.Nf3 Nf6 2.c4 c6 3.d4 d5 4.Qc2 e6 5.Bg5 Be7 6.e3 Nbd7 7.Nc3 O-O 8.Rd1 Re8
9.a3 dxc4 10.Bxc4 b5 11.Bd3 h6 12.Bxf6 Nxf6 13.O-O Bb7 14.Ne5 Bd6 15.Ne4 Qc7
16.Nxd6 Qxd6 17.Rc1 Nd7 18.Nxd7 Qxd7 19.Rfd1 a5 20.Bh7+ Kh8 21.Be4 Qd6 22.Qc5 Qxc5
23.Rxc5 Rec8 24.Rdc1 Ra6 25.b3 Kg8 26.g4 Kf8 27.h4 Ke7 28.f4 Kd6 29.Kf2 a4
30.b4 Rh8 31.h5 Rb6 32.Bf3 Ra6 33.g5 Ba8 34.gxh6 gxh6 35.Rg1 Ra7 36.e4 Rd7
37.Ke3 Rhd8 38.Rc2 Ke7 39.Rd2 Bb7 40.Rc1 Kd6 41.Rc5 Kc7 42.f5 Kb6 43.f6 Rg8
44.Rcc2 Rg1 45.Rg2 Re1+ 46.Be2 Rc7 47.Rg7 e5 48.dxe5 Bc8 49.Kf2 Ra1 50.Rc3 Be6
51.Bg4 Bc4 52.Rf3 Rf1+ 53.Kg2 Re1 54.Bf5 Ra1 55.e6 fxe6 56.Rxc7 exf5 57.f7 fxe4
58.Rf6  1-0

[Event "28th Avoine Open"]
[Site "Avoine FRA"]
[Date "2013.07.27"]
[Round "8.12"]
[White "Kostiuk,T"]
[Black "Gallant,A"]
[Result "1-0"]
[WhiteElo "2322"]
[BlackElo "2104"]

1.d4 d5 2.c4 c6 3.Nf3 Nf6 4.Nbd2 a6 5.e3 e6 6.Qc2 Be7 7.b3 O-O 8.Bd3 Qc7
9.O-O Nbd7 10.Bb2 c5 11.cxd5 exd5 12.Rac1 b6 13.e4 dxe4 14.Nxe4 Bb7 15.dxc5 bxc5
16.Nxf6+ Nxf6 17.Bxf6 Bxf6 18.Bxh7+ Kh8 19.Be4 Bxe4 20.Qxe4 Qa5 21.Rc2 Rac8
22.Rfc1 Rfe8 23.Qg4 Kg8 24.b4 Qa3 25.h3 Rc6 26.bxc5 Rec8 27.Ng5 Bxg5 28.Qxg5 Rg6
29.Qf5 Rcc6 30.Kh2 Rcf6 31.Qc8+ Kh7 32.Kg1 Qf3 33.g3 Rxg3+ 34.fxg3 Qxg3+
35.Kh1 Qf3+ 36.Rg2 Rh6 37.Qg4  1-0

[Event "Sparkassen Open A 2013"]
[Site "Dortmund GER"]
[Date "2013.07.27"]
[Round "1.29"]
[White "Algars,O"]
[Black "Simanowski,Mio"]
[Result "0-1"]
[WhiteElo "2090"]
[BlackElo "1864"]

1.Nf3 d5 2.d4 Nf6 3.c4 c6 4.g3 e6 5.Bg2 Bb4+ 6.Nc3 Ne4 7.Qc2 Qa5 8.Bd2 Nxd2
9.Nxd2 Nd7 10.O-O O-O 11.e4 Nf6 12.a3 Bxc3 13.bxc3 Qc7 14.Rac1 b6 15.cxd5 cxd5
16.c4 Ba6 17.e5 Nd7 18.Qa4 Qb7 19.Rc3 Rac8 20.Rfc1 b5 21.cxb5 Bxb5 22.Qc2 Nb6
23.Rc5 Rxc5 24.dxc5 Rc8 25.Rb1 Qa6 26.Bf1 Bxf1 27.Nxf1 Nd7 28.Nd2 Nxe5 29.Qc3 Nd7
30.Nb3 Qc6 31.Nd4 Qxc5 32.Qxc5 Rxc5 33.Rb7 Nb6 34.Rxa7 h6 35.Ra6 Nc4 36.a4 Ra5
37.Rxa5 Nxa5 38.f3 Kf8 39.Kf2 Ke7 40.Ke3 Nc4+ 41.Ke2 Kd6 42.Nb3 Kc6 43.f4 Kb6
44.g4 Na5 45.Nd4 Kc5 46.Nb5 Nc4 47.h4 Nb2 48.h5 Nxa4 49.Nc7 Kd6  0-1

[Event "Politiken Cup 2013"]
[Site "Helsingor DEN"]
[Date "2013.07.27"]
[Round "1.57"]
[White "Rosenkilde,A"]
[Black "Satre,Roger"]
[Result "1-0"]
[WhiteElo "2260"]
[BlackElo "1833"]

1.d4 d5 2.c4 c6 3.Nf3 dxc4 4.e3 Be6 5.Qc2 Nf6 6.Bxc4 Bxc4 7.Qxc4 Qa5+ 8.Nbd2 e6
9.O-O Be7 10.a3 Nbd7 11.b4 Qf5 12.Bb2 Nb6 13.Qb3 O-O 14.Rfc1 Ne4 15.Nxe4 Qxe4
16.a4 a6 17.Rab1 Qd5 18.Qc2 Bxb4 19.Bc3 Bxc3 20.Rxb6 Ba5 21.Rxb7 c5 22.Qb1 cxd4
23.Nxd4 Rfc8 24.Rxc8+ Rxc8 25.Rb8 Qc4 26.g3 h6 27.Qb7 Rxb8 28.Qxb8+ Kh7 29.Qe8 Bc3
30.Nf3 Qc7 31.Qa8 a5 32.Kg2 f5 33.Qa6 Qd7 34.Qc4 Bb4 35.Nd4 e5 36.Nc6 Qb7
37.Kg1 g6 38.Nxe5 Bd6 39.Nxg6 Qb1+ 40.Kg2 Qe4+ 41.Qxe4 fxe4 42.Nh4 Bc5 43.g4 Kg7
44.Nf5+ Kf6 45.h4 Bf8 46.Nd4 Bc5 47.f4 Bb4 48.h5 Bc3 49.Kf2 Ke7 50.Ke2  1-0

[Event "Politiken Cup 2013"]
[Site "Helsingor DEN"]
[Date "2013.07.28"]
[Round "3.84"]
[White "Schmied,A"]
[Black "Satre,Roger"]
[Result "1-0"]
[WhiteElo "2063"]
[BlackElo "1833"]

1.d4 d5 2.c4 c6 3.Nf3 dxc4 4.e3 Be6 5.a4 Nf6 6.Na3 Nbd7 7.Bxc4 Bxc4 8.Nxc4 e6
9.O-O Be7 10.b3 O-O 11.Bb2 c5 12.Nfe5 cxd4 13.Nxd7 Qxd7 14.Bxd4 Rfd8 15.Qf3 Qd5
16.Rfd1 Qxf3 17.gxf3 b6 18.Kf1 Nd5 19.Rac1 Rac8 20.Bb2 Nb4 21.Ke2 f6 22.Na3 Rxc1
23.Rxd8+ Bxd8 24.Bxc1 Kf7 25.Bd2 Nc6 26.Bc3 e5 27.Kd3 Ke6 28.Kc4 a6 29.b4 Be7
30.Nc2 Na7 31.e4 b5+ 32.axb5 Nxb5 33.Bd2 Kd6 34.Be3 Kc6 35.f4 Nd6+ 36.Kd3 Kb5
37.fxe5 fxe5 38.Bc5 Nc8 39.Bxe7 Nxe7 40.Kc3 Nc6 41.Kb3 a5 42.Na3+ Kb6 43.Nc4+ Kb5
44.bxa5 g5 45.Kc3 h5 46.Nd6+ Kc5 47.Nf7 g4 48.a6 Kb5 49.Nxe5 Na7 50.Kd4 Kxa6
51.Ke3 Kb5 52.Kf4 Kc5 53.Nd7+ Kd4 54.Nf6 Nc6 55.Nxh5 Ne5 56.Ng3 Nd3+ 57.Kxg4 Nxf2+
58.Kf5 Nh3 59.e5 Kd5 60.e6 Kd6 61.Ne4+ Ke7 62.Nf6 Kf8 63.Nd5 Ke8 64.Kg4 Nf2+
65.Kf3 Nh3 66.Ke4 Ng5+ 67.Kf5 Nh3 68.Ke5 Ng5 69.Kf5 Nh3 70.Kg6 Kf8 71.e7+ Ke8
72.Kf6 Kd7 73.Nc7  1-0

[Event "Sparkassen Open A 2013"]
[Site "Dortmund GER"]
[Date "2013.07.29"]
[Round "3.14"]
[White "Schoder,V"]
[Black "Simanowski,Mio"]
[Result "1/2-1/2"]
[WhiteElo "2095"]
[BlackElo "1864"]

1.d4 d5 2.c4 c6 3.Nf3 Nf6 4.Nbd2 e6 5.e3 Nbd7 6.Bd3 b6 7.O-O Bb7 8.b3 c5
9.Bb2 dxc4 10.Nxc4 Be7 11.Qe2 O-O 12.Rfd1 Qc7 13.Rac1 Rac8 14.Nce5 Qb8 15.Bb1 Rfd8
16.Ng5 Nxe5 17.dxe5 Nd7 18.Qh5 Bxg5 19.Qxh7+ Kf8 20.Qh8+ Ke7 21.Qxg7 Rg8
22.Rxd7+ Kxd7 23.Qxf7+ Be7 24.Rd1+ Bd5 25.Bf5 Kc6 26.Rxd5 exd5 27.Qxe7 Rcd8
28.Qf6+ Kb7 29.e6 Rdf8 30.Qe7+ Qc7 31.Qxc7+ Kxc7 32.Be5+ Kd8 33.Bh3 Ke7 34.Kf1 Rf6
35.Bxf6+ Kxf6 36.Ke2 Rh8 37.f4 a5 38.Kd3 b5 39.e4 dxe4+ 40.Kxe4 Rd8 41.g4 Rd4+
42.Ke3 Kxe6 43.g5+ Kf7 44.Bf1 b4 45.Bb5 Rd1 46.Ke4 Rh1 47.Kd5 Rxh2 48.Kxc5 Rxa2
49.Bc4+ Kg6 50.Bd3+ Kg7 51.f5 Rf2 52.f6+ Kf8 53.Kb5 Rf3 54.Kc4 a4 55.bxa4 b3
56.Bh7 b2 57.a5 Rf1 58.a6 b1=Q 59.Bxb1 Rxb1 60.Kc5 Kf7  1/2-1/2

[Event "Politiken Cup 2013"]
[Site "Helsingor DEN"]
[Date "2013.07.30"]
[Round "5.71"]
[White "Eddy,S"]
[Black "Roggensack,Hans Peter"]
[Result "0-1"]
[WhiteElo "2096"]
[BlackElo "1950"]

1.d4 d5 2.c4 c6 3.Nf3 dxc4 4.e3 b5 5.a4 e6 6.Nc3 Bb4 7.Bd2 a5 8.Rb1 Bd7 9.Ne5 Nf6
10.Qf3 Ra7 11.g4 O-O 12.g5 Ne8 13.Qh5 Nd6 14.Bg2 g6 15.Qg4 f6 16.gxf6 Qxf6
17.O-O Be8 18.e4 h5 19.Qh3 g5 20.f4 g4 21.Qg3 Rg7 22.Be1 Bg6 23.Nxg6 Qxg6
24.f5 exf5 25.e5 f4 26.Rxf4 Rxf4 27.Qxf4 Bxc3 28.Bxc3 Qxb1+ 29.Bf1 Qf5 30.Qg3 Ne4
31.Qh4 Rf7  0-1

[Event "5th Rethymno Open"]
[Site "Rethymno GRE"]
[Date "2013.07.31"]
[Round "5.16"]
[White "Skembris,S"]
[Black "Papadopoulos,Ar"]
[Result "1-0"]
[WhiteElo "2458"]
[BlackElo "1927"]

1.d4 d5 2.c4 c6 3.Nf3 Nf6 4.Qc2 e6 5.g3 Nbd7 6.Bg2 Be7 7.Nbd2 O-O 8.O-O b6
9.e4 dxe4 10.Nxe4 Bb7 11.Ne5 Nxe5 12.dxe5 Nxe4 13.Qxe4 Rb8 14.Qg4 Kh8 15.Rd1 Qc7
16.Bg5 Rbd8 17.Be4 Bxg5 18.Qxg5 Rd7 19.Rxd7 Qxd7 20.Qh5 g6 21.Rd1 Qc7 22.Qf3 Kg8
23.Rd6 Rd8 24.Qd3 Rxd6 25.exd6 Qd7 26.b4 f5 27.Bg2 e5 28.c5 b5 29.Qb3+ Kf8
30.Qb2 Qe6 31.f4 exf4 32.Qh8+ Kf7 33.Qxh7+ Ke8 34.Bf3 fxg3 35.hxg3 Qf7 36.Qh8+ Qf8
37.d7+  1-0

[Event "5th Rethymno Open"]
[Site "Rethymno GRE"]
[Date "2013.07.31"]
[Round "5.14"]
[White "Aggelis,N"]
[Black "Serntedakis,A"]
[Result "1/2-1/2"]
[WhiteElo "2354"]
[BlackElo "1972"]

1.Nf3 d5 2.d4 Nf6 3.c4 c6 4.Nbd2 Bf5 5.Nh4 Bg6 6.Qb3 Qc7 7.Nxg6 hxg6 8.g3 e6
9.Bg2 Nbd7 10.O-O Be7 11.e4 dxe4 12.Nxe4 Nxe4 13.Bxe4 Qb6 14.Be3 O-O 15.Qc2 Qa5
16.a3 Nf6 17.Bf3 Qf5 18.Qe2 Rfd8 19.b4 g5 20.g4 Qg6 21.Rab1 Bd6 22.h3 a6
23.a4 Rac8 24.Rfd1 Bf4 25.b5 axb5 26.axb5 Bxe3 27.fxe3 Ne4 28.Qc2 f5 29.bxc6 bxc6
30.Rb6 Rf8 31.Qg2 Qh7 32.Rf1 Qh4 33.Bxe4 fxe4 34.Rbb1 Rxf1+ 35.Rxf1 Rf8 36.Rxf8+ Kxf8
37.Qf2+ Qxf2+ 38.Kxf2 Ke7 39.Ke2 Kd7 40.Kd2 Kc7 41.Kc2 Kc8 42.Kd1 Kb7 43.Kc2 Kc8
44.Kd2 Kb7 45.Kc3 Kc7 46.Kb3 Kb7 47.Ka4 Ka6 48.Kb4 Kb6 49.Kc3 Kc7 50.Kc2 Kc8  1/2-1/2

[Event "100th ch-GBR 2013"]
[Site "Torquay ENG"]
[Date "2013.07.31"]
[Round "3.16"]
[White "Weller,Jean-Luc"]
[Black "Kolbus,D"]
[Result "0-1"]
[WhiteElo "2172"]
[BlackElo "2288"]

1.d4 d5 2.c4 c6 3.Nf3 dxc4 4.e3 Be6 5.a4 Nf6 6.Na3 Bd5 7.Nxc4 e6 8.Be2 Bb4+
9.Bd2 Bxd2+ 10.Nfxd2 O-O 11.O-O Qe7 12.Qb1 Nbd7 13.Ne5 Qb4 14.Rd1 Rfd8 15.Bd3 Bb3
16.Nxb3 Qxb3 17.Ra3 Qb4 18.Nf3 Qe7 19.Rb3 Rab8 20.a5 h6 21.Bc4 Ne8 22.Qc2 Nd6
23.Be2 a6 24.e4 Ra8 25.d5 cxd5 26.exd5 Rac8 27.Rc3 e5 28.Re1 e4 29.Nd2 Rxc3
30.Qxc3 Rc8 31.Qd4 f5 32.f3 Qf6 33.Qb4 Rc2 34.b3 Nc5 35.Nc4 Qd4+ 36.Kh1 Nxc4
37.Bxc4 Nd3 38.d6+ Kf8 39.d7+ Nxb4  0-1

[Event "5th Rethymno Open"]
[Site "Rethymno GRE"]
[Date "2013.08.03"]
[Round "8.12"]
[White "Rychagov,A"]
[Black "Krishna,CRG"]
[Result "0-1"]
[WhiteElo "2544"]
[BlackElo "2339"]

1.d4 d5 2.c4 c6 3.Nf3 Nf6 4.Qc2 dxc4 5.Qxc4 Bf5 6.g3 e6 7.Bg2 Nbd7 8.O-O Be7
9.e3 O-O 10.Rd1 Qc7 11.Nc3 e5 12.h3 h6 13.Qe2 Bb4 14.dxe5 Nxe5 15.Nd4 Bg6
16.e4 Rfe8 17.f3 Ned7 18.Bf4 Bd6 19.Ndb5 Qb6+ 20.Be3 Bc5 21.Nd4 Qc7 22.Qf2 Rad8
23.Rac1 Qb8 24.Na4 Bd6 25.Ne2 a6 26.Rc2 Ne5 27.Nf4 Bh7 28.Kh2 Bxe4 29.Rcd2 Bd5
30.b3 Ng6 31.Ba7 Qc8 32.Nxd5 Nxd5 33.Nb6 Nxb6 34.Rxd6 Rxd6 35.Rxd6 Nd5 36.f4 Nge7
37.g4 Qc7 38.Bc5 Nc8 39.Rxd5 cxd5 40.Bxd5 Nd6 41.b4 Ne4 42.Qe3 Nf6  0-1

[Event "100th ch-GBR 2013"]
[Site "Torquay ENG"]
[Date "2013.08.03"]
[Round "6.17"]
[White "Chapman,T"]
[Black "Waters,C"]
[Result "1-0"]
[WhiteElo "2308"]
[BlackElo "2129"]

1.Nf3 d5 2.d4 Nf6 3.c4 c6 4.Qc2 dxc4 5.Qxc4 Bf5 6.Nc3 e6 7.g3 Nbd7 8.Bg2 Be7
9.O-O O-O 10.Rd1 Rc8 11.e3 b5 12.Qe2 b4 13.Nb1 Qa5 14.Nbd2 c5 15.e4 Bg4 16.d5 exd5
17.exd5 Rfe8 18.Nc4 Qa6 19.Qc2 Nb6 20.Nxb6 Qxb6 21.Qc4 Bd6 22.Bg5 Ne4 23.Be3 a6
24.Rdc1 Bd7 25.Qc2 Nf6 26.Nd2 Bb5 27.Nc4 Bxc4 28.Qxc4 Nd7 29.Bf1 Qd8 30.Qxa6 Qf6
31.Bh3 Ra8 32.Qf1 Ne5 33.Bxc5 Nf3+ 34.Kh1 Be5 35.Rc2 Bxb2 36.Rd1 Bc3 37.Re2 h5
38.Bg2 h4 39.h3 Rac8 40.Rxe8+ Rxe8 41.Qb5 Re5 42.d6 Qe6 43.d7 Re1+ 44.Rxe1 Qxe1+
45.Qf1 Bf6 46.Qxe1 Nxe1 47.Be4  1-0

[Event "Chinese Teams 2013"]
[Site "Wuxi CHN"]
[Date "2013.08.05"]
[Round "10.1"]
[White "Li Shilong"]
[Black "Wang,Yiye"]
[Result "0-1"]
[WhiteElo "2523"]
[BlackElo "2258"]

1.d4 d5 2.c4 c6 3.Nf3 Nf6 4.Qc2 e6 5.Bg5 Nbd7 6.cxd5 exd5 7.Nc3 Be7 8.e3 Nf8
9.Bd3 Ne6 10.Bh4 g6 11.h3 O-O 12.O-O Ng7 13.Ne5 Bf5 14.Bg3 Bxd3 15.Qxd3 Nd7
16.Rad1 Nf5 17.Bh2 Nxe5 18.dxe5 Qb6 19.e4 dxe4 20.Nxe4 Rad8 21.Nd6 Qxb2 22.g4 Nxd6
23.exd6 Bf6 24.Rb1 Qxa2 25.Rxb7 c5 26.Re1 Bd4 27.Qf3 f5 28.Re2 Qc4 29.Rc2 Qe6
30.Re2 Qc4 31.Rc2 Qe6 32.Re7 Qf6 33.Qd5+ Kh8 34.Re6 Qg7 35.Re7 Qf6 36.Re6 Qg7
37.g5 f4 38.Re7 Rf5 39.Qb7 Rff8 40.Qd5 Rf5 41.Qb7 Bxf2+ 42.Rxf2 Qa1+ 43.Rf1 Rxg5+
44.Kf2 Qd4+ 45.Kf3 Qd3+ 46.Kf2 Qd2+ 47.Kf3 Qg2+ 48.Kxf4 Qd2+ 49.Ke4 Qd4+
50.Kf3 Qd3+ 51.Kf4 Qd2+ 52.Ke4 Qd4+ 53.Kf3 Qd3+ 54.Kf4 Rf5+ 55.Kg4 h5+ 56.Kh4 g5+
57.Kxh5 Qxh3+ 58.Kg6 Rg8+  0-1

[Event "22nd Kavala Open 2013"]
[Site "Kavala GRE"]
[Date "2013.08.07"]
[Round "3.1"]
[White "Svetushkin,D"]
[Black "Kharitonov,Alexandr"]
[Result "1/2-1/2"]
[WhiteElo "2608"]
[BlackElo "2547"]

1.d4 d5 2.c4 c6 3.Nf3 Nf6 4.Qc2 dxc4 5.Qxc4 Bf5 6.g3 e6 7.Bg2 Be7 8.O-O O-O
9.e3 Nbd7 10.Qe2 Qa5 11.Nc3 Ne4 12.Bd2 Qc7 13.Rfc1 Rad8 14.Nh4 Nxc3 15.Bxc3 Bg6
16.e4 Bxh4 17.gxh4 Nf6 18.Qe3 Ng4 19.Qh3 Qf4 20.Qg3 Qxg3 21.hxg3 f5 22.e5 f4
23.Bb4 Rf7 24.Bc5 fxg3  1/2-1/2

[Event "22nd Kavala Open 2013"]
[Site "Kavala GRE"]
[Date "2013.08.07"]
[Round "3.6"]
[White "Rychagov,A"]
[Black "Firat,B"]
[Result "1/2-1/2"]
[WhiteElo "2544"]
[BlackElo "2416"]

1.d4 d5 2.c4 c6 3.Nf3 Nf6 4.Qc2 dxc4 5.Qxc4 Bf5 6.g3 e6 7.Bg2 Be7 8.O-O O-O
9.e3 Nbd7 10.Rd1 h6 11.Qe2 Rc8 12.Nc3 Ne4 13.Nd2 Nxc3 14.bxc3 Qa5 15.Bb2 Nb6
16.e4 Bg6 17.Nb3 Qb5 18.Qe1 Na4 19.Bc1 c5 20.Ba3 Qa6 21.Bf1 b5 22.Nxc5 Nxc5
23.Bxc5 Bxc5 24.dxc5 Qc6 25.Rd4 Qxc5 26.a4 bxa4 27.Rdxa4 Qxc3 28.Rxa7 Qxe1
29.Rxe1 Rc2 30.f3 Rd8 31.Re2 Rdd2 32.Kf2 f6  1/2-1/2